Decompression corrective osteotomy of the distal radius for treatment of the DRUJ-incongruency and impingement syndrome with focus on posttraumatic cases

Elmentve itt :
Bibliográfiai részletek
Szerzők: Macháč Petr
Wolters Roman
Schandl René
Krimmer Hermann
Dokumentumtípus: Cikk
Megjelent: 2024
Sorozat:INJURY: INTERNATIONAL JOURNAL OF THE CARE OF THE INJURED 55 No. Suppl. 3
Tárgyszavak:
doi:10.1016/j.injury.2024.111455

mtmt:35428865
Online Access:http://publicatio.bibl.u-szeged.hu/34785
LEADER 00944nab a2200241 i 4500
001 publ34785
005 20241003134019.0
008 241003s2024 hu o 000 eng d
022 |a 0020-1383 
024 7 |a 10.1016/j.injury.2024.111455  |2 doi 
024 7 |a 35428865  |2 mtmt 
040 |a SZTE Publicatio Repozitórium  |b hun 
041 |a eng 
100 1 |a Macháč Petr 
245 1 0 |a Decompression corrective osteotomy of the distal radius for treatment of the DRUJ-incongruency and impingement syndrome with focus on posttraumatic cases  |h [elektronikus dokumentum] /  |c  Macháč Petr 
260 |c 2024 
300 |a 6 
490 0 |a INJURY: INTERNATIONAL JOURNAL OF THE CARE OF THE INJURED  |v 55 No. Suppl. 3 
650 4 |a Klinikai orvostan 
700 0 1 |a Wolters Roman  |e aut 
700 0 1 |a Schandl René  |e aut 
700 0 1 |a Krimmer Hermann  |e aut 
856 4 0 |u http://publicatio.bibl.u-szeged.hu/34785/1/Machac1-s2.0-S0020138324001426-main.pdf  |z Dokumentum-elérés